Statistics for Unusual NFL First Names Quiz

Click here to take the quiz!

General Stats

  • This quiz has been taken 30,521 times
    (20,278 since last reset)
  • The average score is 15 of 27

Answer Stats

First Name Last Name % Correct
LaDainianTomlinson
88%
NdamukongSuh
86%
LeGarretteBlount
85%
ChampBailey
85%
HinesWard
84%
DemaryiusThomas
83%
GoldenTate
83%
PlaxicoBurress
75%
RondeBarber
70%
KeyshawnJohnson
67%
KnowshonMoreno
63%
SterlingSharpe
61%
JermichaelFinley
60%
JacquizzRodgers
59%
EdgerrinJames
58%
D'BrickashawFerguson
56%
MarcedesLewis
54%
BraylonEdwards
49%
JoiqueBell
48%
JerrichoCotchery
44%
ChristineMichael
39%
LawyerMilloy
38%
PeerlessPrice
30%
BronkoNagurski
19%
ZoltanMesko
13%
AtariBigby
13%
EarlyDoucet
12%

Score Distribution

Percentile by Number Answered

Percent of People with Each Score

Your Score History

You have not taken this quiz since the last reset